000 01162nam a2200301 c 4500
003 BLK
005 20181221173244.0
008 180413b bul|||||r ||||||| ||bul||
010 _aKNG00020303000
020 _a954-17-0157-4
_bиздат.: Калпазанов
040 _aBLK
080 _aАмериканска литература (на САЩ)
_b821.111(73)
_x-31
_z821.111(73)-31
100 1 _aДейвис, Барт
_eпърви автор
_9250825
700 1 _aДимитрова, Рени
_eпрев. от англ.
_9364069
139 _aДейвис, Барт
_bД 34
245 1 0 _aУнищожете "Кентъки"
_bРоман
_cБарт Дейвис; прев. от англ. Рени Димитрова.
257 _aUSA
260 Габрово
_bКалпазанов
_c1997
_fВ. търново : Абагар
300 _a284 с.
_c20 см
380 _aX
490 1 _aВоенен трилър
500 _aОриг. загл. Destroy the Kentucky / Bart Davis ; 2 000 тир
852 _aЦб 195567
856 4 _qpdf
_u
856 4 _qpdf
_u
942 _cKNG
_n0
_02
944 _aCR
_c15.01.2003
_kЦветанка_Енчева
944 _aED
_c11.07.2005
_k
999 _c18262
_d18262